SAUNDERS COMPREHENSIVE REVIEW FOR THE NCLEX - RN EXAMINATION (Record no. 16637)

MARC details
000 -LEADER
fixed length control field 00332nam a22001337a 4500
003 - CONTROL NUMBER IDENTIFIER
control field SGT
020 ## - INTERNATIONAL STANDARD BOOK NUMBER
International Standard Book Number 978-81-312-4471-5
082 ## - DEWEY DECIMAL CLASSIFICATION NUMBER
Classification number 610.73
Item number S17K
100 ## - MAIN ENTRY--PERSONAL NAME
Personal name KAUSHIK, ANNU
245 ## - TITLE STATEMENT
Title SAUNDERS COMPREHENSIVE REVIEW FOR THE NCLEX - RN EXAMINATION
260 ## - PUBLICATION, DISTRIBUTION, ETC. (IMPRINT)
Place of publication, distribution, etc INDIA
Name of publisher, distributor, etc ELSEVIER
Year of Publication 2017
300 ## - PAGE DESCRIPTION
No. of Pages 1189
942 ## - ADDED ENTRY ELEMENTS (KOHA)
Source of classification or shelving scheme Dewey Decimal Classification
Koha item type Books
942 ## - ADDED ENTRY ELEMENTS (KOHA)
-- 19
Holdings
Withdrawn status Lost status Source of classification or shelving scheme Damaged status Not for loan Collection code Home library Current library Shelving location Date acquired Vendor Name Cost, normal purchase price SGTU Bill Number Total Checkouts Full call number Accession No. (Barcode) Date last seen Date last borrowed Bill Date Koha item type Checked out
    Dewey Decimal Classification     NURSING SGT Medical Library SGT Medical Library Text Book 23/01/2019 ABC 3095.00 SGTU 10396 12 610.73 S17K FN3977 24/07/2024 17/07/2024 08/12/2018 Books  
    Dewey Decimal Classification     NURSING SGT Medical Library SGT Medical Library Text Book 23/01/2019 ABC 3095.00 SGTU 10396 2 610.73 S17K FN3978 11/03/2025 06/09/2024 08/12/2018 Books  
  Long Overdue (Lost) Dewey Decimal Classification     NURSING SGT Medical Library SGT Medical Library Text Book 23/01/2019 ABC 3095.00 SGTU 10396 2 610.73 S17K FN3979 10/06/2022 10/06/2022 08/12/2018 Books 29/11/2019
    Dewey Decimal Classification     NURSING SGT Medical Library SGT Medical Library Text Book 23/01/2019 ABC 3095.00 SGTU 10396 4 610.73 S17K FN3980 01/10/2025 19/09/2025 08/12/2018 Books